000 00331nam a2200145 i 4500
001 bg
100 1 _aHildebrand, Christfried.
245 0 _aDer Baustoff Plast /
_cCh. Hildebrand.
250 _aWyd.2.
260 _aBerlin,
_c1966.
040 _cBPK
041 _apol
942 _cKS
008 s pl f |000 0 pol
999 _c11676
_d11676
856 _uhttp://koha.tu.koszalin.pl/cgi-bin/koha/opac-detail.pl?biblionumber=11676
_yKatalog online BPK